000 00418nam a22001457a 4500
999 _c7566
_d7564
005 20210313133901.0
008 210313b ||||| |||| 00| 0 eng d
082 _a346.066
100 _aAIYAR, A.N.
_96466
245 _aREPORTS OF COMPANY CASES INCLUDING CASES OF BANKING AND INSURENCE [VOL-51]
260 _aMADRAS
_bCOMPANY LAW INSTITUTE OF INDIA
_c1981
300 _aI-XVIII,P
650 _aLAW
_95701
942 _cJRL